Software engineering (Record no. 4922)
[ view plain ]
| 000 -LEADER | |
|---|---|
| fixed length control field | 00456nam a2200145Ia 4500 |
| 003 - CONTROL NUMBER IDENTIFIER | |
| control field | SGT |
| 020 ## - INTERNATIONAL STANDARD BOOK NUMBER | |
| International Standard Book Number | 9780070701137 |
| 082 ## - DEWEY DECIMAL CLASSIFICATION NUMBER | |
| Classification number | 005.1,ROG |
| 100 ## - MAIN ENTRY--PERSONAL NAME | |
| Personal name | ROGER S PRESSMAN |
| 245 ## - TITLE STATEMENT | |
| Title | Software engineering |
| 260 ## - PUBLICATION, DISTRIBUTION, ETC. (IMPRINT) | |
| Name of publisher, distributor, etc | Tata McGraw Hill Education Private Limited |
| Place of publication, distribution, etc | New Delhi |
| Year of Publication | 2010 |
| 300 ## - PAGE DESCRIPTION | |
| No. of Pages | 912p. |
| 650 ## - SUBJECT ADDED ENTRY--TOPICAL TERM | |
| Topical term or geographic name as entry element | COMPUTER SCIENCE,THE SOFTWARE PROCESS, SOFTWARE ENGINEERING PRACTICE APPLYING WEB ENGINEERING ,MANAGING SOFTWARE PROJECTS |
| 942 ## - ADDED ENTRY ELEMENTS (KOHA) | |
| Source of classification or shelving scheme | Dewey Decimal Classification |
| Koha item type | Books |
| Withdrawn status | Lost status | Source of classification or shelving scheme | Damaged status | Not for loan | Home library | Current library | Date acquired | SGTU | Total Checkouts | Total Renewals | Full call number | Accession No. (Barcode) | Date last seen | Date last borrowed | Bill Date | Koha item type | Collection code | Shelving location |
|---|---|---|---|---|---|---|---|---|---|---|---|---|---|---|---|---|---|---|
| Dewey Decimal Classification | SGT Engineering Library | SGT Engineering Library | 28/04/2010 | SGTU | 3 | 2 | 005.1 PRE | FE974 | 03/11/2017 | 02/11/2017 | 09/02/2015 | Books | ||||||
| Dewey Decimal Classification | SGT Engineering Library | SGT Engineering Library | 28/04/2010 | SGTU | 2 | 005.1 PRE | FE975 | 25/05/2017 | 25/05/2017 | 09/02/2015 | Books | |||||||
| Dewey Decimal Classification | SGT Engineering Library | SGT Engineering Library | 28/04/2010 | SGTU | 1 | 005.1 PRE | FE976 | 21/12/2017 | 02/09/2017 | 09/02/2015 | Books | |||||||
| Dewey Decimal Classification | SGT Engineering Library | SGT Engineering Library | 28/04/2010 | SGTU | 2 | 005.1 PRE | FE977 | 20/08/2018 | 06/08/2018 | 09/02/2015 | Books | |||||||
| Dewey Decimal Classification | Not For Loan | SGT Engineering Library | SGT Engineering Library | 28/04/2010 | SGTU | 005.1 PRE | FE978 | 09/02/2015 | 09/02/2015 | Books | ENGINEERING | Reference Book | ||||||
| Dewey Decimal Classification | SGT Engineering Library | SGT Engineering Library | 28/04/2010 | SGTU | 7 | 005.1 PRE | FE5616 | 15/01/2020 | 03/01/2020 | 09/02/2015 | Books | |||||||
| Dewey Decimal Classification | SGT Engineering Library | SGT Engineering Library | 28/04/2010 | SGTU | 3 | 1 | 005.1 PRE | FE5617 | 16/05/2018 | 29/01/2018 | 09/02/2015 | Books |